[Event "Muensterland op 41st"]
[Site "Muenster"]
[Date "2024.10.13"]
[Round "2"]
[White "Schwitkowski, Luka"]
[Black "Oeztekin, Atilla"]
[Result "1-0"]
[WhiteElo "2012"]
[BlackElo "1884"]
[PlyCount "81"]
[EventDate "2024.10.12"]
[EventType "swiss"]
[EventRounds "9"]
[EventCountry "GER"]
[SourceTitle "CB43_2024"]
[Source "Chessbase"]
[SourceDate "2024.10.23"]
[SourceVersion "1"]
[SourceVersionDate "2024.10.23"]
[SourceQuality "1"]

1. e4 c5 2. Nf3 d6 3. d4 cxd4 4. Nxd4 Nf6 5. Nc3 a6 6. Bg5 Nbd7 7. Qe2 e6 8. f4 Qc7 9. 0-0-0 b5 10. g4 b4 11. Nd5 exd5 12. exd5+ Be7 13. Nc6 Nb8 14. Bxf6 gxf6 15. Nd4 Kd8 16. Re1 Re8 17. Bg2 Bd7 18. Qd3 Qc5 19. Re4 Ra7 20. Rhe1 Bb5 21. Qd2 Nd7 22. Nf5 Nb6 23. Rxb4 Nc4 24. Qc3 Rc7 25. Nd4 Nb6 26. Qd2 Nc4 27. Qc3 Nb6 28. Qd2 Nxd5 29. Rxb5 axb5 30. Nb3 Qb4 31. Bxd5 Qxd2+ 32. Kxd2 Rg8 33. h3 f5 34. g5 Rf8 35. Nd4 Rc5 36. Nc6+ Rxc6 37. Bxc6 b4 38. Bd5 h6 39. h4 hxg5 40. hxg5 Ke8 41. Rh1 1-0